|
|
|
|
| LEADER |
01097nam a22002657a 4500 |
| 001 |
2143 |
| 003 |
BD-DhAAL |
| 005 |
20240820143533.0 |
| 008 |
150825s1985 bg b f000 0 eng |
| 010 |
|
|
|a 85908914
|
| 025 |
|
|
|a B E 4276
|
| 040 |
|
|
|a DLC
|c DLC
|d DLC
|d BD-DhAAL
|
| 050 |
0 |
0 |
|a Microfiche
|b 85/62050 (H)
|
| 082 |
|
|
|2 22
|a 305.42095492
|
| 245 |
0 |
0 |
|a Group evolution of Manikganj project :
|b two case studies.
|
| 264 |
|
|
|a Dhaka :
|b Research and Evaluation Division, Bangladesh Rural Advancement Committee,
|c 1984.
|
| 300 |
|
|
|a 79 pages ;
|c 28 cm.
|
| 520 |
|
|
|a Case studies on the landless laborers under an integrated rural development project.
|
| 541 |
|
|
|e 2143
|
| 610 |
|
|
|a BRAC (Bangladesh Rural Advancement Committee)
|9 14058
|
| 710 |
|
|
|a Bangladesh Rural Advancement Committee.
|9 12971
|
| 852 |
|
|
|a Ayesha Abed Library
|c BRAC Resource Section
|
| 942 |
|
|
|2 ddc
|c BK
|
| 999 |
|
|
|c 35323
|d 35323
|
| 952 |
|
|
|0 0
|1 0
|2 ddc
|4 0
|6 305_420954920000000_GRO
|7 1
|9 55520
|a BRACUL
|b BRACUL
|c BRS
|d 2015-08-25
|g 0.00
|l 1
|o 305.42095492 GRO
|p 3010002143
|r 2025-12-30
|s 2025-03-23
|t 1
|w 2015-08-25
|y BK
|z Not price in Register
|